| 000 | 00467nam a22001697a 4500 | ||
|---|---|---|---|
| 003 | CEME | ||
| 005 | 20210628203937.0 | ||
| 008 | 210316b xxu||||| |||| 00| 0 eng d | ||
| 020 | _a81-224-0560-6 | ||
| 040 | _c. | ||
| 082 | _a621.3 KRI'E | ||
| 100 |
_aRaghkveer, M. R, Krishnamurthy, K. A _967954 |
||
| 245 | _aElectrical and electronics engineering for scientists and engineers | ||
| 260 |
_aNEWDELHI _bWILEY EASTERN _c1993 |
||
| 300 | _a386P | ||
| 942 |
_cBK _2ddc |
||
| 999 |
_c575634 _d575634 |
||